000 00290 a2200121 4500
001 75620
005 20260303103926.0
010 _a978-989-722-443-0
090 _a75620
100 _a20260303 pory50
200 _aElogio da Sede
_fJosé Tolentino Mendonça
210 _cQuetzal
_d2018
942 _cMON